ბათუმის შოთა რუსთაველის სახელმწიფო უნივერსიტეტის ბიბლიოთეკა

Exploring Immunology : (ბიბ.ჩანაწერი № 53655)

000 -LEADER
fixed length control field 01002nam a2200301Ia 4500
001 - CONTROL NUMBER
control field 20702
003 - CONTROL NUMBER IDENTIFIER
control field GE_BSU
005 - DATE AND TIME OF LATEST TRANSACTION
control field 20221114120558.0
008 - FIXED-LENGTH DATA ELEMENTS--GENERAL INFORMATION
fixed length control field 181216s2012||||xx |||||||||||||| ||eng||
020 ## - INTERNATIONAL STANDARD BOOK NUMBER
International Standard Book Number 9783527324125x
040 ## - CATALOGING SOURCE
Transcribing agency GE_BSU
041 ## - LANGUAGE CODE
Language code of text/sound track or separate title eng
080 ## - UNIVERSAL DECIMAL CLASSIFICATION NUMBER
Universal Decimal Classification number 616-097(075.8) M-12
100 ## - MAIN ENTRY--PERSONAL NAME
Personal name MacPherson, Gordon
9 (RLIN) 10355
245 ## - TITLE STATEMENT
Title Exploring Immunology :
Remainder of title Concepts and Evidence /
Statement of responsibility, etc. Gordon MacPherson, Jon Austyn ; illustr. Ruth Hammelehle.
264 ## - PRODUCTION, PUBLICATION, DISTRIBUTION, MANUFACTURE, AND COPYRIGHT NOTICE
Place of production, publication, distribution, manufacture Oxford :
Name of producer, publisher, distributor, manufacturer Wiley-Blackwell,
Date of production, publication, distribution, manufacture, or copyright notice 2012.
300 ## - PHYSICAL DESCRIPTION
Extent 351 p. ;
Dimensions 28 cm.
653 ## - INDEX TERM--UNCONTROLLED
keyword Exploring Immunology
653 ## - INDEX TERM--UNCONTROLLED
keyword Concepts and Evidence
653 ## - INDEX TERM--UNCONTROLLED
keyword Изучение иммунологии
653 ## - INDEX TERM--UNCONTROLLED
keyword концепции и доказательства
653 ## - INDEX TERM--UNCONTROLLED
keyword იმუნოლოგია
653 ## - INDEX TERM--UNCONTROLLED
keyword ცნებები და მტკიცებულებები
653 ## - INDEX TERM--UNCONTROLLED
keyword მედიცინა
700 ## - ADDED ENTRY--PERSONAL NAME
Personal name Austyn, Jon
Relator term By
9 (RLIN) 10356
942 ## - ADDED ENTRY ELEMENTS (KOHA)
Koha item type წიგნი
Source of classification or shelving scheme
ეგზემპლარები
Withdrawn status Lost status Source of classification or shelving scheme Damaged status Not for loan Permanent Location Current Location Shelving location Date acquired Cost, normal purchase price Full call number Barcode Date last seen Copy number Price effective from Koha item type Public note
          ბათუმის შოთა რუსთაველის სახელმწიფო უნივერსიტეტის მთავარი ბიბლიოთეკა ბათუმის შოთა რუსთაველის სახელმწიფო უნივერსიტეტის მთავარი ბიბლიოთეკა წიგნსაცავი 2018-12-17 131.00 616-097(075.8) M-12 54002 2018-12-17 54002 2018-12-17 წიგნი 131.00 GEL.
          ბათუმის შოთა რუსთაველის სახელმწიფო უნივერსიტეტის მთავარი ბიბლიოთეკა ბათუმის შოთა რუსთაველის სახელმწიფო უნივერსიტეტის მთავარი ბიბლიოთეკა წიგნსაცავი 2018-12-17 131.00 616-097(075.8) M-12 54003 2018-12-17 54003 2018-12-17 წიგნი 131.00 GEL.
          ბათუმის შოთა რუსთაველის სახელმწიფო უნივერსიტეტის მთავარი ბიბლიოთეკა ბათუმის შოთა რუსთაველის სახელმწიფო უნივერსიტეტის მთავარი ბიბლიოთეკა წიგნსაცავი 2018-12-17 131.00 616-097(075.8) M-12 54004 2018-12-17 54004 2018-12-17 წიგნი 131.00 GEL.
          ბათუმის შოთა რუსთაველის სახელმწიფო უნივერსიტეტის მთავარი ბიბლიოთეკა ბათუმის შოთა რუსთაველის სახელმწიფო უნივერსიტეტის მთავარი ბიბლიოთეკა წიგნსაცავი 2018-12-17 131.00 616-097(075.8) M-12 54005 2018-12-17 54005 2018-12-17 წიგნი 131.00 GEL.
          ბათუმის შოთა რუსთაველის სახელმწიფო უნივერსიტეტის მთავარი ბიბლიოთეკა ბათუმის შოთა რუსთაველის სახელმწიფო უნივერსიტეტის მთავარი ბიბლიოთეკა წიგნსაცავი 2018-12-17 131.00 616-097(075.8) M-12 54006 2018-12-17 54006 2018-12-17 წიგნი 131.00 GEL.